| 000 | 00499nam a2200169Ia 4500 | ||
|---|---|---|---|
| 003 | IN-BaIIA | ||
| 008 | 211028s9999 xx 000 0 eng d | ||
| 040 | _cIIA Library | ||
| 080 |
_a51 _bZEL |
||
| 100 |
_aZeldovich Ya. B. _96800 |
||
| 245 | 0 |
_aElements of applied mathematics _cYa. B. Zeldovich and A. D. Myskis; translated by George Yankovsky |
|
| 260 |
_aMoscow _bMIR Publishers _c1976 |
||
| 300 | _a656p. | ||
| 500 | _aDonated by Mrs. Bappu | ||
| 650 |
_aApplied Mathematics _91718 |
||
| 942 | _cBK | ||
| 999 |
_c7712 _d7712 |
||